The jaina doctrine of karma and the science of genetics / (Record no. 41290)
[ view plain ]
| 000 -LEADER | |
|---|---|
| fixed length control field | 00840nam a22002177a 4500 |
| 005 - DATE AND TIME OF LATEST TRANSACTION | |
| control field | 20100812114028.0 |
| 010 ## - LCCN (DPL NO) | |
| LC control number | ENG-99860 |
| 020 ## - INTERNATIONAL STANDARD BOOK NUMBER | |
| International Standard Book Number | 9789380009025 |
| Terms of availability | 1195.00 |
| 020 ## - INTERNATIONAL STANDARD BOOK NUMBER | |
| International Standard Book Number | 938000902X |
| Terms of availability | 1195.00 |
| 035 ## - SYSTEM CONTROL NUMBER | |
| System control number | EN-83392 |
| 037 ## - SOURCE OF ACQUISITION | |
| Source of stock number/acquisition | DBAD/PUB |
| 082 ## - DEWEY DECIMAL CLASSIFICATION NUMBER | |
| Classification number | 294.422 |
| 100 ## - MAIN ENTRY--PERSONAL NAME | |
| Personal name | Tater, Sohan Raj |
| 245 ## - TITLE STATEMENT | |
| Title | The jaina doctrine of karma and the science of genetics / |
| Statement of responsibility, etc | by Sohan Raj Tater |
| 260 ## - PUBLICATION, DISTRIBUTION, ETC. (IMPRINT) | |
| Place of publication, distribution, etc | New Delhi |
| Name of publisher, distributor, etc | Readworthy Publications |
| Date of publication, distribution, etc | 2009 |
| 270 ## - ADDRESS | |
| City | New Delh |
| Address | A-18, Mohan Garden Near Nawada Metro Station |
| Postal code | 11005906 |
| 300 ## - PHYSICAL DESCRIPTION | |
| Extent | xxxv, 384p. |
| Dimensions | 22cm (Hb) |
| 500 ## - GENERAL NOTE | |
| General note | Includes bibliographical references and index |
| 942 ## - ADDED ENTRY ELEMENTS (KOHA) | |
| Source of classification or shelving scheme | Dewey Decimal Classification |
| Item type | English Books |
| Classification part | 294.422 |
| Call number suffix | TAT |
| Withdrawn status | Lost status | Not for loan | Collection code | Home library | Current library | Date acquired | Source of acquisition | Cost, normal purchase price | Full call number | Barcode | Copy number | Cost, replacement price | Koha item type |
|---|---|---|---|---|---|---|---|---|---|---|---|---|---|
| Not For Loan | Non-fiction | D.B.Act.Division | D.B.Act.Division | 12/08/2010 | DBAD/PUB | 1195.00 | 294.422 TAT | EN-83392 | 1 | 1195.00 | English Books |
